000 01141nam a22002417a 4500
003 OSt
005 20210323123500.0
008 210323s2010 ck ao||gr|||| 00| 0bspa d
020 _a9789589925638
040 _aCO-JMCR
_cCO-JMCR
041 0 _aspa
_heng
082 0 4 _223
_a658.8 /
_bT693j
100 1 _aTorres, Natalia.,
_eautora
_936435
245 1 0 _aJuan Valdez :
_bun cafetero que conquistó al mundo = Juan Valdez : a coffee grower who conquered the world /
_cNatalia Torres ; traducción Tiziana Laudato.
260 _aBogotá :
_bUnatintamedios Editorial :
_bFederación Nacional de Cafeteros de Colombia,
_c2010.
300 _a139 páginas :
_bilustraciones y fotografías en color ;
_c31cm.
504 _aBibliografía : páginas [141.]
505 0 _aPor qué Juan Valdez. -- Nace Juan Valdez. -- Una efectiva estrategia publicitaria. -- Desafios del Siglo XXI. -- La marca Juan Valdez como fuente de valor. -- Juan Valdez, los frutos de un esfuerzo.
546 _aTextos en Español e Inglés.
650 1 4 _aBibliografia Jaun Valdez
_zColombia
_936436
650 1 4 _aHistoria
_xCafé
_zColombia
_936437
942 _2ddc
_cBK
999 _c15465
_d15465